| 000 | 01354nam a2200349 a 4500 | ||
|---|---|---|---|
| 001 | |||
| 003 | DO-SdBNP | ||
| 005 | 20220712125556.0 | ||
| 008 | 130708s2010 dr ac 000 0 spa d | ||
| 020 | _a9789945476002 | ||
| 040 |
_aDO-SdBNP _bspa _cBPMSU |
||
| 082 |
_a928.617293 _bM843B 2010 _222 |
||
| 100 | 1 | _aBarinas, Gracita | |
| 245 | 1 | 0 |
_aDomingo Moreno Jimenes : _bel legado cultural de su obra en San Cristóbal (1950-1963) / _cGracita Barinas, Douglas Hasbún José, Odalís G. Pérez ; prólogo Manuel Mora Serrano. |
| 246 | 1 | 4 | _aEl Instituto de la Poesía Osvaldo Bazil y su trascendencia |
| 260 |
_aSan Cristóbal, República Dominicana : _bFotomegraf, _c2010. |
||
| 300 |
_a175 p. : _bils., retrs. ; _c22 cm. |
||
| 500 | _aIncluye datos biográficos de los autores | ||
| 500 | _aIncluye referencias bibliográficas y notas al pie de las páginas | ||
| 590 | _6Inventariado, 2022/VM | ||
| 600 | 1 | 4 |
_aMoreno Jimenes, Domingo _d1894-1986. |
| 650 | 4 | _aPoesía dominicana | |
| 650 | 4 | _aLiteratura dominicana | |
| 700 | 1 | _aHasbún José, Douglas | |
| 700 | 1 |
_aPérez, Odalís G. _d1952- |
|
| 700 | 1 |
_aMora Serrano, Manuel _c1933- _epról. |
|
| 700 | z |
_aPérez, Odalís G., _d 1952- |
|
| 700 | z |
_a Pérez, Odalís _d1952- _q (Odalís G.) |
|
| 700 | z |
_aSerrano, Manuel Mora _d1933- |
|
| 910 | _aVMateo V. | ||
| 942 |
_2ddc _cBK |
||
| 999 |
_c14080 _d14080 |
||